Simulated Tests of the New HSK Level 5
Đã lưu trong:
| 格式: | 圖書 |
|---|---|
| 語言: | Chinese |
| 出版: |
China
Foreign Language Teaching and Research Press
2010
|
| 主題: | |
| 標簽: |
添加標簽
沒有標簽, 成為第一個標記此記錄!
|
| Thư viện lưu trữ: | Trung tâm Học liệu Lê Vũ Hùng, Trường Đại học Đồng Tháp |
|---|
| LEADER | 00823pam a22003258a 4500 | ||
|---|---|---|---|
| 001 | 00035477 | ||
| 005 | 20171026081025.0 | ||
| 008 | 161209s2010 ||||||chisd | ||
| 020 | # | # | |a 9787561928790 |c 494000 |
| 041 | 0 | # | |a chi |
| 082 | 1 | 4 | |a 495.1 |b S310T |
| 245 | 1 | 0 | |a Simulated Tests of the New HSK |n Level 5 |
| 260 | # | # | |a China |b Foreign Language Teaching and Research Press |c 2010 |
| 300 | # | # | |a 290 tr. |c 26 cm. |e 1 CD |
| 653 | # | # | |a Luyện thi |
| 653 | # | # | |a Ngôn ngữ |
| 653 | # | # | |a Tiếng Trung |
| 653 | # | # | |a Tự học |
| 852 | # | # | |b Kho đọc |j KD.0019169 |
| 852 | # | # | |j KD.0019169 |
| 910 | 0 | # | |d 09/12/2016 |
| 980 | # | # | |a Trung tâm Học liệu Lê Vũ Hùng, Trường Đại học Đồng Tháp |


